[Event "Karpos Open 2013"]
[Site "Skopje MKD"]
[Date "2013.03.16"]
[Round "9.81"]
[White "Semsiu, Agim"]
[Black "Ozturk, Hilal"]
[Result "1-0"]
[WhiteElo "2010"]
[BlackElo "1848"]
[WhiteFideId "15002888"]
[BlackFideId "6315330"]
[EventDate "2013.03.09"]

1. e4 e5 2. Nf3 Nc6 3. Bb5 a6 4. Ba4 Nf6 5. O-O Be7 6. Re1 b5 7. Bb3 d6 8. c3
O-O 9. h3 Na5 10. Bc2 c5 11. d4 Qc7 12. d5 Bd7 13. Nbd2 c4 14. Nf1 Nb7 15. Ng3
Nc5 16. Bg5 a5 17. Qd2 Rfe8 18. Rad1 Qb7 19. Nh4 g6 20. f4 Qb6 21. Kh1 Bd8 22.
f5 Bc8 23. Rf1 Rf8 24. Rf3 Be7 25. Rdf1 Qd8 26. Bh6 Re8 27. fxg6 fxg6 28. Ngf5
Bxf5 29. Nxf5 Nfxe4 30. Nxe7+ Qxe7 31. Qe1 1-0

[Event "Karpos Open 2013"]
[Site "Skopje MKD"]
[Date "2013.03.16"]
[Round "9.83"]
[White "Ioannidis, Evgenios"]
[Black "Konstantinov, Aleksandar2"]
[Result "1-0"]
[WhiteTitle "FM"]
[WhiteElo "2001"]
[BlackElo "1796"]
[WhiteFideId "4229274"]
[BlackFideId "15000060"]
[EventDate "2013.03.09"]

1. d4 Nf6 2. c4 c5 3. d5 b5 4. cxb5 a6 5. bxa6 Bxa6 6. Nc3 d6 7. e4 Bxf1 8. Kxf1
g6 9. g3 Bg7 10. Nf3 O-O 11. Kg2 Nbd7 12. a4 Qb6 13. Qe2 Rfb8 14. Bd2 Ng4 15.
Ng5 Ndf6 16. f4 h6 17. Nf3 Nd7 18. Rhb1 h5 19. Nb5 c4 20. h3 Ngf6 21. Be3 Nc5
22. Nd2 Qd8 23. Bxc5 dxc5 24. Nxc4 Ne8 25. Rd1 Nd6 26. Ncxd6 exd6 27. Rd2 h4 28.
b3 hxg3 29. Rc2 Qf6 30. Qf3 Bh6 31. Rf1 Qe7 32. e5 dxe5 33. d6 Qd7 34. fxe5 Bg7
35. Rxc5 Rc8 36. Qd5 Rxc5 37. Qxc5 Rc8 38. Nc7 g5 39. a5 g4 40. h4 Rb8 41. a6
Bxe5 42. a7 1-0

[Event "Karpos Open 2013"]
[Site "Skopje MKD"]
[Date "2013.03.16"]
[Round "9.86"]
[White "Nikolov, Kole"]
[Black "Ilic, Slobodan R"]
[Result "0-1"]
[WhiteElo "1711"]
[BlackElo "2052"]
[WhiteFideId "15002764"]
[BlackFideId "941832"]
[EventDate "2013.03.09"]

1. e4 c5 2. Bc4 e6 3. Nc3 Nc6 4. Nf3 a6 5. a4 Qc7 6. O-O Nf6 7. Re1 Ng4 8. h3 h5
9. d3 Nge5 10. Bf4 Bd6 11. Nxe5 Nxe5 12. Bxe5 Bxe5 13. Rb1 Qa5 14. Ne2 Qxa4 15.
f4 Bc7 16. e5 b6 17. Nc3 Qc6 18. Ne4 b5 19. Bb3 Bb7 20. Re2 O-O-O 21. c4 Qb6 22.
Rc1 Bxe4 23. dxe4 d6 24. exd6 Rxd6 25. Qf1 Rhd8 26. f5 Rd3 27. Ba2 Qd6 28. e5
Qd4+ 29. Kh1 b4 30. fxe6 fxe6 31. Bb1 Rd2 32. Re4 Qxb2 33. Rce1 Rf2 0-1

[Event "Karpos Open 2013"]
[Site "Skopje MKD"]
[Date "2013.03.16"]
[Round "9.87"]
[White "Markovski, Velo"]
[Black "Gaberov, Toshe"]
[Result "1-0"]
[WhiteElo "2042"]
[BlackElo "1741"]
[WhiteFideId "15002233"]
[BlackFideId "15002802"]
[EventDate "2013.03.09"]

1. e4 d5 2. exd5 Qxd5 3. Nc3 Qa5 4. Bc4 Nd7 5. d4 Nb6 6. Bb3 Nf6 7. Bd2 Qf5 8.
Qe2 c6 9. Nf3 h6 10. h3 Nfd5 11. g4 Qd7 12. Ne5 Qc7 13. Ne4 a5 14. Qf3 e6 15. c4
a4 16. cxd5 axb3 17. d6 Bxd6 18. Nxf7 O-O 19. Nexd6 Qxd6 20. Nxd6 Rxf3 21. Ke2
Rf8 22. axb3 Rd8 23. Rxa8 Nxa8 24. Bf4 b5 25. Ra1 Bd7 26. Ra7 Nb6 27. Be5 Kf8
28. Ne4 g5 29. Nc5 Ke7 30. Bc7 1-0

[Event "Karpos Open 2013"]
[Site "Skopje MKD"]
[Date "2013.03.16"]
[Round "9.88"]
[White "Aksoy, Ayca"]
[Black "Gonzalez Espana, Maria Gabriela"]
[Result "0-1"]
[WhiteElo "1707"]
[BlackElo "1958"]
[WhiteFideId "6355978"]
[BlackFideId "22273417"]
[EventDate "2013.03.09"]

1. Nf3 Nf6 2. d4 g6 3. Nc3 d5 4. Bf4 c6 5. Qd2 Bf5 6. Ne5 Nbd7 7. f3 Nxe5 8.
Bxe5 h5 9. Bf4 Bg7 10. e3 O-O 11. Bd3 Bxd3 12. Qxd3 Re8 13. O-O Qb6 14. Na4 Qd8
15. Nc5 b6 16. Nb3 Nd7 17. c3 e5 18. Bxe5 Bxe5 19. dxe5 Nxe5 20. e4 Nxd3 0-1

[Event "Karpos Open 2013"]
[Site "Skopje MKD"]
[Date "2013.03.16"]
[Round "9.89"]
[White "Lakinska, Simona"]
[Black "Asani, Adem"]
[Result "0-1"]
[WhiteElo "1673"]
[BlackElo "1944"]
[WhiteFideId "15001695"]
[BlackFideId "906581"]
[EventDate "2013.03.09"]

1. e4 c5 2. Nc3 d6 3. f4 e6 4. Nf3 Nc6 5. Bb5 Bd7 6. d3 g6 7. O-O Bg7 8. Qe1
Nge7 9. Kh1 a6 10. Bxc6 Bxc6 11. Bd2 O-O 12. Qh4 f6 13. e5 Nf5 14. Qh3 Bxf3 15.
Qxf3 fxe5 16. fxe5 Bxe5 17. Qh3 Qh4 18. Qxh4 Nxh4 19. Bg5 Nf5 20. Bf4 Bxf4 21.
Rxf4 Nd4 22. Rxf8+ Rxf8 23. Ne4 Nxc2 24. Rc1 Nb4 25. Nxd6 Nxd3 26. Rb1 b5 27. b3
e5 28. Ra1 Rf6 29. Ne4 Nf2+ 30. Nxf2 Rxf2 31. Kg1 Rd2 32. a4 Rd4 33. axb5 axb5
34. Ra8+ Kg7 35. Rc8 Rd5 36. Kf2 Kf6 37. Ke3 h5 38. h3 Kf5 39. Rf8+ Ke6 40. Rg8
Kf5 41. Rf8+ Ke6 42. Rg8 Kf5 43. Rf8+ Kg5 44. g3 Rd4 45. Re8 Kf6 46. Rf8+ Ke7
47. Rg8 Kf7 48. Rb8 Rb4 49. Rb7+ Kf6 50. Rb6+ Kf5 0-1

[Event "Karpos Open 2013"]
[Site "Skopje MKD"]
[Date "2013.03.16"]
[Round "9.90"]
[White "Angjelovski, Daniel"]
[Black "Ipekci, Baris"]
[Result "1-0"]
[WhiteElo "1934"]
[BlackElo "1671"]
[WhiteFideId "15003523"]
[BlackFideId "6302823"]
[EventDate "2013.03.09"]

1. e4 d5 2. exd5 Qxd5 3. Nc3 Qa5 4. d4 Nf6 5. Nf3 Bf5 6. Bd3 Bg6 7. O-O e6 8. a3
c6 9. h3 Bd6 10. Re1 Nbd7 11. Be3 Qc7 12. Qd2 Nd5 13. Ne4 Bxe4 14. Bxe4 N7f6 15.
Bd3 Nxe3 16. fxe3 h6 17. c4 g5 18. e4 Bf4 19. Qe2 g4 20. hxg4 Nxg4 21. e5 Qe7
22. Qe4 Be3+ 23. Rxe3 Nxe3 24. Qxe3 O-O-O 25. b4 Kb8 26. Rd1 h5 27. Qf4 h4 28.
Be4 h3 29. g3 a5 30. c5 axb4 31. axb4 Kc7 32. Kh2 Ra8 33. Rd2 Ra3 34. Ng5 Rg8
35. Nf3 Rb3 36. Kxh3 Rxb4 37. Ra2 Rb3 38. Kg2 Rf8 39. Bc2 Rb5 40. Bd3 Qd7 41.
Bxb5 cxb5 42. Qd2 Qc6 43. Qa5+ Kd7 44. Rb2 b6 45. cxb6 Rb8 46. Qxb5 Qxb5 47.
Rxb5 Kc6 48. Rb2 Kb7 49. Kf2 Rc8 50. Ke3 f6 51. g4 Rc3+ 52. Kf4 fxe5+ 53. Nxe5
Rc8 54. g5 Rf8+ 55. Ke4 Rg8 56. g6 Rg7 57. Kf4 Rg8 58. Kg5 Rd8 59. g7 Ka8 60.
b7+ Ka7 61. Nc6+ Ka6 62. Nxd8 1-0

[Event "Karpos Open 2013"]
[Site "Skopje MKD"]
[Date "2013.03.16"]
[Round "9.91"]
[White "Batkoski, Nenad"]
[Black "Onal, Ozan"]
[Result "1/2-1/2"]
[WhiteElo "1901"]
[BlackElo "1461"]
[WhiteFideId "15002780"]
[BlackFideId "6356362"]
[EventDate "2013.03.09"]

1. e4 e5 2. Nf3 Nf6 3. Nc3 Nc6 4. Bc4 Nxe4 5. O-O Nxc3 6. dxc3 d6 7. Ng5 Be6 8.
Nxe6 fxe6 9. Bxe6 Qf6 10. Qg4 h5 11. Qc4 Be7 12. f4 Nd8 13. Bh3 c6 14. Bd2 d5
15. fxe5 dxc4 16. exf6 Bxf6 17. Rae1+ Kf7 18. Re4 b5 19. Bg5 Rf8 20. Rh4 Kg6 21.
Bxf6 Rxf6 22. Re1 Nf7 23. Rd4 Ng5 24. Bd7 Rd8 25. Be8+ Rxe8 26. Rxe8 a5 27. Re7
Nf7 28. Rdd7 1/2-1/2

[Event "Karpos Open 2013"]
[Site "Skopje MKD"]
[Date "2013.03.16"]
[Round "9.97"]
[White "Antoniadou, Paraskevi"]
[Black "Krstevski, Vlatko"]
[Result "0-1"]
[WhiteElo "1732"]
[BlackElo "2154"]
[WhiteFideId "4220676"]
[BlackFideId "15001237"]
[EventDate "2013.03.09"]

1. e4 c5 2. Nc3 d6 3. d3 g6 4. g3 Bg7 5. Bg2 Nf6 6. Be3 Nc6 7. a3 Qb6 8. Rb1 O-O
9. Qd2 Bd7 10. Nge2 Nd4 11. O-O Bh3 12. f3 Be6 13. Nf4 Bd7 14. g4 e5 15. Nfd5
Nxd5 16. Nxd5 Qd8 17. c3 Nc6 18. Bh6 Be6 19. Bxg7 Kxg7 20. Rf2 Ne7 21. c4 Nc6
22. Bh1 h6 23. Rbf1 Nd4 24. Rg2 Rh8 25. Ne3 Qg5 26. f4 exf4 27. Rxf4 Qe5 28.
Rgf2 h5 29. Nd5 Bxd5 30. exd5 Raf8 31. Be4 hxg4 32. Rxg4 Rh5 33. Rfg2 Rfh8 34.
R2g3 Rxh2 35. Rg2 Rh1+ 36. Kf2 Nf5 37. Rg5 Qd4+ 38. Ke2 Nh4 39. Rf2 Rb1 40.
Rxf7+ Kxf7 0-1

[Event "Karpos Open 2013"]
[Site "Skopje MKD"]
[Date "2013.03.16"]
[Round "9.98"]
[White "Tevdovski, Zoran"]
[Black "Lazov, Toni"]
[Result "0-1"]
[WhiteElo "1720"]
[BlackElo "1927"]
[WhiteFideId "15003809"]
[BlackFideId "15000770"]
[EventDate "2013.03.09"]

1. e4 c5 2. Bb5 a6 3. Bc4 d6 4. c3 Nf6 5. Qe2 b5 6. Bd3 Bb7 7. a4 bxa4 8. Rxa4
e6 9. b4 cxb4 10. Rxb4 Qc7 11. Nf3 d5 12. Rxb7 Qxb7 13. exd5 Qxd5 14. O-O Be7
15. Bc2 O-O 16. c4 Qd8 17. Bb2 Nc6 18. d4 Nb4 19. Bd1 Qc7 20. Bc3 a5 21. c5 Nbd5
22. Bc2 a4 23. Ba1 Nb4 24. Na3 Nxc2 25. Qxc2 Nd5 26. Nb5 Qf4 27. Ne5 Rfc8 28. g3
Qh6 29. Nd7 Qg6 30. Qc4 Rd8 31. c6 Rac8 32. Ne5 Qe4 33. Qxa4 f6 34. c7 Nxc7 35.
Nc3 Qxd4 36. Qxd4 Rxd4 37. Nc6 Rd7 38. Nxe7+ Rxe7 39. Rd1 e5 40. Bb2 Ne6 41. Nd5
Rb7 42. Kf1 Kf7 43. Bc1 Rb1 0-1